[Event "SR 2. liga A 2016/2017"]
[Site "?"]
[Date "2018.03.17"]
[Round "10.6"]
[White "Sobek, Michal"]
[Black "Hacik, Radomir"]
[Result "0-1"]
[WhiteElo "1969"]
[BlackElo "2128"]
[PlyCount "98"]
[EventDate "2017.??.??"]
[WhiteTeam "SK Modra B"]
[BlackTeam "SK Slovan Bratislava E"]

1. e4 c6 2. Nc3 d5 3. Nf3 Bg4 4. h3 Bh5 5. d4 dxe4 6. Nxe4 e6 7. Be3 Nd7 8. Bd3
Ngf6 9. Qd2 Nxe4 10. Bxe4 Nf6 11. Bd3 Nd5 12. Bg5 Qb6 13. c3 Bxf3 14. gxf3 h6
15. Bh4 Bd6 16. Bg3 Qc7 17. Rg1 g5 18. h4 Nf4 19. O-O-O gxh4 20. Bxh4 Nh3 21.
Rg4 Bf4 22. Rxf4 Qxf4 23. Bg3 Qxd2+ 24. Kxd2 Ng5 25. Ke3 f5 26. Kf4 Kf7 27. Rh1
Rae8 28. Ke3 Nh7 29. Rxh6 Nf6 30. Rxf6+ Kxf6 31. Be5+ Kg6 32. Bxh8 Rxh8 33. f4
Rh3+ 34. Ke2 b5 35. c4 bxc4 36. Bxc4 Kf6 37. b4 Ke7 38. Bb3 Rc3 39. b5 cxb5 40.
d5 Rxb3 41. axb3 a5 42. dxe6 Kxe6 43. Kd3 Kd5 44. f3 Kc5 45. Kc3 a4 46. b4+ Kd5
47. Kd3 a3 48. Kc3 a2 49. Kb2 Kc4 0-1

[Event "SR 2. liga A 2016/2017"]
[Site "?"]
[Date "2018.03.17"]
[Round "10.6"]
[White "Zetocha, Adrian"]
[Black "Sustak, Roman"]
[Result "1-0"]
[WhiteElo "2137"]
[BlackElo "1922"]
[PlyCount "97"]
[EventDate "2017.??.??"]
[WhiteTeam "SK Slovan Bratislava E"]
[BlackTeam "SK Modra B"]

1. d4 Nf6 2. c4 c5 3. d5 g6 4. Nc3 d6 5. e4 Bg7 6. Nf3 O-O 7. Bd3 Na6 8. O-O
Bd7 9. Re1 Nc7 10. a4 Ng4 11. Qc2 Na6 12. h3 Nb4 13. Qe2 Ne5 14. Nxe5 Bxe5 15.
f4 Bd4+ 16. Be3 Bxe3+ 17. Qxe3 f6 18. Re2 a6 19. Rae1 e5 20. dxe6 Bxe6 21. Rd2
Qc7 22. Red1 Rad8 23. Kh1 Rfe8 24. Qg3 Bf7 25. b3 Nc6 26. Ne2 Kg7 27. Bb1 Qe7
28. Qc3 Kg8 29. g4 g5 30. Ng3 Bg6 31. fxg5 fxg5 32. Nf5 Bxf5 33. gxf5 Nd4 34.
Rg2 h6 35. Rxd4 cxd4 36. Qxd4 Qe5 37. Qb6 Qa1 38. Qg1 Kf7 39. Rd2 Qc3 40. Rd3
Qe5 41. Rd5 Qb2 42. Qd1 Qf6 43. c5 dxc5 44. e5 Qb6 45. Qh5+ Kf8 46. e6 Qc7 47.
f6 Rxe6 48. Qxh6+ Kf7 49. Qg7+ 1-0

[Event "SR 2. liga A 2016/2017"]
[Site "?"]
[Date "2018.03.17"]
[Round "10.6"]
[White "Antol, Ladislav"]
[Black "Djubek, Boris"]
[Result "1/2-1/2"]
[WhiteElo "1982"]
[BlackElo "2132"]
[PlyCount "50"]
[EventDate "2017.??.??"]
[WhiteTeam "SK Modra B"]
[BlackTeam "SK Slovan Bratislava E"]

1. e4 c5 2. Nf3 d6 3. d4 cxd4 4. Nxd4 Nf6 5. Nc3 a6 6. Be2 e6 7. O-O Be7 8. Kh1
O-O 9. f4 Nc6 10. g4 Nd7 11. g5 Nxd4 12. Qxd4 b5 13. Be3 Bb7 14. a4 d5 15. b4
a5 16. exd5 axb4 17. Nxb5 Bc5 18. Qd2 Bxe3 19. Qxe3 Nb6 20. Bf3 Bxd5 21. Bxd5
Qxd5+ 22. Qf3 Qxf3+ 23. Rxf3 Rxa4 24. Rxa4 Nxa4 25. Rb3 Rb8 1/2-1/2

[Event "SR 2. liga A 2016/2017"]
[Site "?"]
[Date "2018.03.17"]
[Round "10.6"]
[White "Vadila, Ondrej"]
[Black "Horvath, Marek"]
[Result "1-0"]
[WhiteElo "2009"]
[BlackElo "1817"]
[PlyCount "51"]
[EventDate "2017.??.??"]
[WhiteTeam "SK Slovan Bratislava E"]
[BlackTeam "SK Modra B"]

1. e4 e5 2. Nf3 Nf6 3. Nxe5 d6 4. Nf3 Nxe4 5. Nc3 d5 6. d4 Bb4 7. Bd2 Nxd2 8.
Qxd2 O-O 9. Be2 Nd7 10. O-O Nf6 11. Qf4 Bg4 12. Ne5 Bxe2 13. Nxe2 Bd6 14. Ng3
g6 15. Rfe1 Rc8 16. Re3 c5 17. c3 cxd4 18. cxd4 Nd7 19. Qh6 Nxe5 20. dxe5 d4
21. Nh5 Bxe5 22. Rxe5 gxh5 23. Rg5+ Qxg5 24. Qxg5+ Kh8 25. Qf6+ Kg8 26. Qxd4
1-0

[Event "SR 2. liga A 2016/2017"]
[Site "?"]
[Date "2018.03.18"]
[Round "11.1"]
[White "Farkas, Gabor"]
[Black "Lanc, Alois"]
[Result "0-1"]
[WhiteElo "2390"]
[BlackElo "2281"]
[PlyCount "82"]
[EventDate "2017.??.??"]
[WhiteTeam "SK Senec"]
[BlackTeam "Lokomotiva Trnava B"]

1. e4 e5 2. Nf3 Nc6 3. d4 exd4 4. Nxd4 Bc5 5. Be3 Qf6 6. c3 Nge7 7. Bc4 O-O 8.
Nxc6 Qxc6 9. Bxc5 Qxc5 10. Qd4 Qg5 11. O-O Ng6 12. Qd5 Qf6 13. f4 Nxf4 14. Qc5
Ne6 15. Bxe6 Qxe6 16. Qxc7 Qxe4 17. Nd2 Qc6 18. Qf4 b6 19. Rae1 Bb7 20. Rf2 Qg6
21. Nc4 Rae8 22. Rxe8 Rxe8 23. h4 Bd5 24. Nd6 Re1+ 25. Kh2 h5 26. Nf5 Kh7 27.
Ne3 Be6 28. Rf3 f6 29. c4 Qb1 30. Nf5 Re4 31. Qg3 Bxf5 32. Rxf5 Rxh4+ 33. Qxh4
Qxf5 34. b3 Kh6 35. Kg1 g5 36. Qe1 Qe5 37. Qd1 d6 38. Qf3 g4 39. Qa8 Kg5 40.
Qxa7 Qe1+ 41. Kh2 Kh4 0-1

[Event "SR 2. liga A 2016/2017"]
[Site "?"]
[Date "2018.03.18"]
[Round "11.1"]
[White "Kovacocy, Pavol"]
[Black "Balogh, Peter"]
[Result "1/2-1/2"]
[WhiteElo "2255"]
[BlackElo "2272"]
[PlyCount "51"]
[EventDate "2017.??.??"]
[WhiteTeam "Lokomotiva Trnava B"]
[BlackTeam "SK Senec"]

1. e4 e6 2. d4 d5 3. Nc3 Nf6 4. Bg5 dxe4 5. Nxe4 Be7 6. Nxf6+ Bxf6 7. Bxf6 Qxf6
8. Nf3 O-O 9. Bd3 c5 10. c3 cxd4 11. Nxd4 e5 12. Ne2 Nd7 13. Ng3 Nc5 14. Ne4
Nxd3+ 15. Qxd3 Qc6 16. O-O f5 17. Nd6 Be6 18. Rfd1 Rad8 19. c4 Rf6 20. b4 Rg6
21. g3 f4 22. c5 e4 23. Qd4 e3 24. Qxf4 exf2+ 25. Qxf2 Rf8 26. Qg2 1/2-1/2

[Event "SR 2. liga A 2016/2017"]
[Site "?"]
[Date "2018.03.18"]
[Round "11.1"]
[White "Gruca, Miroslav"]
[Black "Kavon, Rastislav"]
[Result "1/2-1/2"]
[WhiteElo "2178"]
[BlackElo "2184"]
[PlyCount "50"]
[EventDate "2017.??.??"]
[WhiteTeam "SK Senec"]
[BlackTeam "Lokomotiva Trnava B"]

1. b3 e5 2. Bb2 d6 3. e3 Nf6 4. d4 exd4 5. Qxd4 Nc6 6. Bb5 Bd7 7. Bxc6 Bxc6 8.
Nf3 Be7 9. Nc3 Qd7 10. O-O-O Qg4 11. Rhg1 Qxd4 12. Nxd4 Bd7 13. e4 O-O-O 14. f3
Rhe8 15. g4 g6 16. Nde2 Bc6 17. Nf4 Nd7 18. Ncd5 Bg5 19. Kb1 Ne5 20. Rdf1 f5
21. gxf5 Bxf4 22. Nxf4 gxf5 23. Nd5 fxe4 24. fxe4 Bxd5 25. exd5 Ng6 1/2-1/2

[Event "SR 2. liga A 2016/2017"]
[Site "?"]
[Date "2018.03.18"]
[Round "11.1"]
[White "Puskar, Peter"]
[Black "Slacky, Stanislav"]
[Result "1-0"]
[WhiteElo "2199"]
[BlackElo "2137"]
[PlyCount "75"]
[EventDate "2017.??.??"]
[WhiteTeam "Lokomotiva Trnava B"]
[BlackTeam "SK Senec"]

1. d4 Nc6 2. Nf3 d6 3. c4 e5 4. Nc3 Bg4 5. d5 Nce7 6. e4 g6 7. Be2 Bg7 8. h3
Bd7 9. g4 f6 10. Nh4 Nh6 11. Be3 Nf7 12. Qd2 c5 13. O-O-O Qc7 14. Ng2 O-O-O 15.
f4 f5 16. fxe5 Bxe5 17. exf5 gxf5 18. Nf4 Qa5 19. Ne6 Bxe6 20. dxe6 Bxc3 21.
Qxc3 Qxc3+ 22. bxc3 Ne5 23. Bg5 Rde8 24. Rxd6 N5c6 25. Rhd1 fxg4 26. Bxg4 h5
27. Bf3 Ne5 28. Be4 Rhg8 29. h4 N7c6 30. R1d5 Nxc4 31. Rxc6+ bxc6 32. Rxc5 Nb6
33. Rxc6+ Kb7 34. Bf4 Rg4 35. Rc7+ Ka6 36. Bd3+ Nc4 37. Rxc4 Kb7 38. Rb4+ 1-0

[Event "SR 2. liga A 2016/2017"]
[Site "?"]
[Date "2018.03.18"]
[Round "11.1"]
[White "Pozsar, Peter"]
[Black "Arendas, Marek"]
[Result "0-1"]
[WhiteElo "1905"]
[BlackElo "2106"]
[PlyCount "46"]
[EventDate "2017.??.??"]
[WhiteTeam "SK Senec"]
[BlackTeam "Lokomotiva Trnava B"]

1. e4 c5 2. Nf3 Nc6 3. d4 cxd4 4. Nxd4 Nf6 5. Nc3 e6 6. a3 Qc7 7. Ndb5 Qb8 8.
Be3 Be7 9. g4 a6 10. Nd4 d6 11. Be2 Qc7 12. f4 d5 13. e5 Nd7 14. O-O Nxd4 15.
Bxd4 b5 16. Bf3 Bb7 17. Re1 Rc8 18. f5 Bc5 19. fxe6 fxe6 20. g5 O-O 21. Bg4
Rce8 22. Ne2 Nxe5 23. b4 Nxg4 0-1

[Event "SR 2. liga A 2016/2017"]
[Site "?"]
[Date "2018.03.18"]
[Round "11.1"]
[White "Puchart, Vladimir"]
[Black "Cibik, Jan"]
[Result "1-0"]
[WhiteElo "2068"]
[BlackElo "1872"]
[PlyCount "93"]
[EventDate "2017.??.??"]
[WhiteTeam "Lokomotiva Trnava B"]
[BlackTeam "SK Senec"]

1. d4 Nf6 2. c4 d5 3. Nc3 c6 4. Nf3 e6 5. Bg5 h6 6. Bh4 Be7 7. e3 O-O 8. a3
Nbd7 9. cxd5 Nxd5 10. Bxe7 Qxe7 11. Nxd5 exd5 12. Bd3 c5 13. dxc5 Nxc5 14. O-O
Nxd3 15. Qxd3 Be6 16. Rac1 Rfc8 17. Nd4 Rc4 18. Rcd1 Rac8 19. f4 Bg4 20. Rde1
Qe4 21. Qxe4 dxe4 22. f5 f6 23. Rf4 Rc1 24. Kf2 Bh5 25. Rxe4 Rxe1 26. Kxe1 Rc1+
27. Kf2 Rb1 28. b3 Bf7 29. Re7 a6 30. Rxb7 Rb2+ 31. Kf1 Bd5 32. Rb6 Bxg2+ 33.
Ke1 Be4 34. Rxa6 Rxh2 35. Re6 Bb1 36. b4 Kf7 37. Rc6 Be4 38. Rc7+ Kg8 39. Re7
Bd5 40. Ne6 Rg2 41. Nf4 Rg1+ 42. Kf2 Rd1 43. Rd7 Bb3 44. Rxd1 Bxd1 45. b5 Ba4
46. b6 Bc6 47. Ne6 1-0

[Event "SR 2. liga A 2016/2017"]
[Site "?"]
[Date "2018.03.18"]
[Round "11.1"]
[White "Halasz, Adam"]
[Black "Szitkey, Milan"]
[Result "1/2-1/2"]
[WhiteElo "1735"]
[BlackElo "2077"]
[PlyCount "97"]
[EventDate "2017.??.??"]
[WhiteTeam "SK Senec"]
[BlackTeam "Lokomotiva Trnava B"]

1. e4 e6 2. d4 d5 3. exd5 exd5 4. Nf3 Nf6 5. Bd3 c5 6. Qe2+ Be7 7. dxc5 O-O 8.
O-O Bxc5 9. Bg5 Nc6 10. Nc3 Be6 11. Rad1 Re8 12. Rfe1 Be7 13. Nb5 Bg4 14. h3
Bd7 15. c3 h6 16. Bf4 Bc5 17. Qc2 Rxe1+ 18. Rxe1 a6 19. Nbd4 Rc8 20. Nf5 Be6
21. g4 Bf8 22. g5 Nb4 23. Qd2 Nxd3 24. Qxd3 Ne4 25. Ng3 hxg5 26. Nxe4 dxe4 27.
Qxd8 Rxd8 28. Nxg5 Bxa2 29. Nxe4 f6 30. Kh2 Kf7 31. Kg3 Be6 32. Be3 Bd5 33. Rd1
Be7 34. Nc5 Bd6+ 35. f4 Bc6 36. Nd3 g5 37. Rd2 Be4 38. Kf2 Bc7 39. Ke2 Bxd3+
40. Rxd3 Rxd3 41. Kxd3 gxf4 42. Bf2 Ke6 43. Ke4 b5 44. Be1 a5 45. Bd2 f5+ 46.
Kf3 a4 47. Bxf4 Bd8 48. Ke3 Kd5 49. Kd3 1/2-1/2

[Event "SR 2. liga A 2016/2017"]
[Site "?"]
[Date "2018.03.18"]
[Round "11.1"]
[White "Mosny, Jaroslav"]
[Black "Vrbiar, Tomas"]
[Result "1-0"]
[WhiteElo "1913"]
[BlackElo "1606"]
[PlyCount "61"]
[EventDate "2017.??.??"]
[WhiteTeam "Lokomotiva Trnava B"]
[BlackTeam "SK Senec"]

1. d4 Nf6 2. Nf3 d5 3. Bg5 Ne4 4. Bh4 c6 5. e3 Qb6 6. Qc1 Bf5 7. Nbd2 Nd7 8.
Nxe4 Bxe4 9. Bd3 Bxd3 10. cxd3 e6 11. O-O Bd6 12. Qc3 h6 13. Rac1 g5 14. Bg3
Qc7 15. b4 a6 16. Rc2 f6 17. Re1 Kf7 18. e4 Bxg3 19. hxg3 h5 20. e5 g4 21. Nh4
Rae8 22. Rce2 f5 23. Nxf5 exf5 24. e6+ Ke7 25. exd7+ Kxd7 26. Qd2 Rxe2 27. Qxe2
Kd8 28. Qe6 Rf8 29. Re5 Qf7 30. Qd6+ Kc8 31. Re7 1-0

[Event "SR 2. liga A 2016/2017"]
[Site "?"]
[Date "2018.03.18"]
[Round "11.2"]
[White "Darasz, Zoltan"]
[Black "Matulik, Daniel"]
[Result "1-0"]
[WhiteElo "2165"]
[BlackElo "2106"]
[PlyCount "83"]
[EventDate "2017.??.??"]
[WhiteTeam "DSC Potonska veza"]
[BlackTeam "SK Lowe Piestany"]

1. e4 c6 2. d4 d5 3. Nc3 dxe4 4. Nxe4 Bf5 5. Ng3 Bg6 6. h4 h6 7. Nf3 Nd7 8. h5
Bh7 9. Bd3 Bxd3 10. Qxd3 Qc7 11. Bd2 e6 12. O-O-O Ngf6 13. Qe2 O-O-O 14. Ne5
Nxe5 15. dxe5 Nd7 16. f4 Be7 17. Rhe1 Kb8 18. Kb1 Nc5 19. Be3 Rxd1+ 20. Rxd1
Rd8 21. Rxd8+ Qxd8 22. Bxc5 Bxc5 23. Ne4 Bf8 24. Qd2 Qxd2 25. Nxd2 Kc7 26. c4
Be7 27. Kc2 g6 28. g4 gxh5 29. gxh5 f5 30. exf6 Bxf6 31. Ne4 Bd4 32. Kd3 c5 33.
b4 b6 34. b5 Bb2 35. Nf2 Bg7 36. Ke4 Kd6 37. Ng4 Bf8 38. f5 Bg7 39. f6 Bf8 40.
Ne5 Kc7 41. Ng6 Bd6 42. f7 1-0

[Event "SR 2. liga A 2016/2017"]
[Site "?"]
[Date "2018.03.18"]
[Round "11.2"]
[White "Mihalik, Marek"]
[Black "Cibulka, Vladimir"]
[Result "1/2-1/2"]
[WhiteElo "1997"]
[BlackElo "2151"]
[PlyCount "23"]
[EventDate "2017.??.??"]
[WhiteTeam "SK Lowe Piestany"]
[BlackTeam "DSC Potonska veza"]

1. d4 e6 2. Nf3 f5 3. g3 Nf6 4. Bg2 d5 5. O-O c6 6. Ne5 Bd6 7. Nd3 O-O 8. Nd2
Bd7 9. Re1 Be8 10. Nf3 Nbd7 11. c3 Qc7 12. Nfe5 1/2-1/2

[Event "SR 2. liga A 2016/2017"]
[Site "?"]
[Date "2018.03.18"]
[Round "11.2"]
[White "Veselsky, Jozef"]
[Black "Pobjecky, Ivan"]
[Result "1-0"]
[WhiteElo "2122"]
[BlackElo "2060"]
[PlyCount "99"]
[EventDate "2017.??.??"]
[WhiteTeam "DSC Potonska veza"]
[BlackTeam "SK Lowe Piestany"]

1. d4 Nf6 2. Nf3 g6 3. c4 Bg7 4. Nc3 d5 5. Bg5 Ne4 6. Bh4 Nxc3 7. bxc3 O-O 8.
e3 Re8 9. Qb3 c6 10. cxd5 cxd5 11. Bb5 Nc6 12. O-O a6 13. Bxc6 bxc6 14. c4 Bg4
15. cxd5 cxd5 16. Rac1 Qd7 17. Bg3 Rec8 18. Ne5 Bxe5 19. Bxe5 Be2 20. Rfe1 Bc4
21. Qa3 f6 22. Bg3 Kf7 23. e4 e6 24. Bd6 Bxa2 25. e5 Rxc1 26. Rxc1 Rc8 27. Ra1
Bc4 28. exf6 h5 29. Be7 Qb5 30. Bf8 Qd7 31. Bh6 Rh8 32. Bf4 Re8 33. Rb1 Bb5 34.
Be5 Qc6 35. Rc1 Bc4 36. h4 Qd7 37. g4 Rh8 38. Bf4 Rh7 39. Bg5 Rh8 40. gxh5 Rxh5
41. Qg3 Rh8 42. Qf4 Qd8 43. Re1 Qb8 44. Qe3 Qd6 45. Bh6 Rh7 46. h5 gxh5 47. Qg5
Bd3 48. Rc1 Bg6 49. Rc8 Rxh6 50. Qxh6 1-0

[Event "SR 2. liga A 2016/2017"]
[Site "?"]
[Date "2018.03.18"]
[Round "11.2"]
[White "Manak, Adrian"]
[Black "Csuri, Szilveszter"]
[Result "1/2-1/2"]
[WhiteElo "1954"]
[BlackElo "1973"]
[PlyCount "84"]
[EventDate "2017.??.??"]
[WhiteTeam "SK Lowe Piestany"]
[BlackTeam "DSC Potonska veza"]

1. e4 c5 2. Nf3 Nc6 3. d4 cxd4 4. Nxd4 a6 5. Nc3 Qc7 6. Be2 e6 7. Be3 Nf6 8. f4
d6 9. a4 Bd7 10. O-O Be7 11. Qe1 Nxd4 12. Bxd4 Bc6 13. e5 dxe5 14. fxe5 Nd7 15.
Qf2 O-O 16. Qe3 b6 17. Rfe1 Bc5 18. Bxc5 Nxc5 19. Bf3 Rad8 20. a5 Bxf3 21. axb6
Qxb6 22. gxf3 Qc6 23. Ra5 Nb7 24. Raa1 Rd7 25. Red1 Rfd8 26. Rxd7 Rxd7 27. Re1
a5 28. Re2 Qc5 29. Qxc5 Nxc5 30. Kf2 Kf8 31. Ke3 Ke7 32. Rd2 Rxd2 33. Kxd2 f6
34. exf6+ gxf6 35. Ke3 f5 36. Kd4 Nd7 37. f4 Kd6 38. Nb5+ Kc6 39. c4 Nc5 40.
Na7+ Kd6 41. Nb5+ Kc6 42. Na7+ Kd6 1/2-1/2

[Event "SR 2. liga A 2016/2017"]
[Site "?"]
[Date "2018.03.18"]
[Round "11.2"]
[White "Kalmar, Tamas"]
[Black "Podjavorinsky, Michal"]
[Result "1/2-1/2"]
[WhiteElo "2098"]
[BlackElo "1910"]
[PlyCount "157"]
[EventDate "2017.??.??"]
[WhiteTeam "DSC Potonska veza"]
[BlackTeam "SK Lowe Piestany"]

1. d4 f5 2. c4 e6 3. Nf3 Nf6 4. g3 c6 5. Bg2 d5 6. Qc2 Bd6 7. O-O O-O 8. Nbd2
a5 9. b3 Na6 10. Bb2 b6 11. Rac1 Bb7 12. Qb1 Rc8 13. Ne1 Ne4 14. Ndf3 c5 15.
Nd3 f4 16. dxc5 bxc5 17. cxd5 exd5 18. Nxf4 Bxf4 19. gxf4 Rxf4 20. Rcd1 Ng5 21.
Nxg5 Qxg5 22. Bc1 d4 23. f3 Re8 24. Rde1 Nb4 25. Bxf4 Qxf4 26. Qc1 Qf5 27. e4
Qh5 28. a3 Na2 29. Qd2 Nc3 30. Rc1 Ba6 31. Rfe1 Re6 32. Qf2 Rh6 33. Bf1 Bxf1
34. Rxf1 Rf6 35. Rce1 d3 36. Kh1 Ne2 37. Rxe2 dxe2 38. Qxe2 h6 39. Qe3 Qh3 40.
Qf2 g5 41. Qg2 Qxg2+ 42. Kxg2 Rb6 43. Rb1 a4 44. b4 cxb4 45. axb4 Kf7 46. Kf2
Kf6 47. Ke3 a3 48. Kd3 a2 49. Ra1 Rxb4 50. Rxa2 Rb3+ 51. Ke2 Rb6 52. Kf2 h5 53.
Kg3 Rb3 54. h3 Rc3 55. Ra6+ Kg7 56. Rb6 Ra3 57. Rd6 Rb3 58. Rd5 Kg6 59. Rf5 Rb1
60. h4 gxh4+ 61. Kxh4 Rh1+ 62. Kg3 Rg1+ 63. Kf4 h4 64. Rf8 Kg7 65. Rf5 Kg6 66.
Rf8 Kg7 67. Ra8 h3 68. Ra2 Rg2 69. Ra1 h2 70. Rh1 Kf6 71. Ke3 Kg5 72. f4+ Kg4
73. f5 Kg5 74. Kf3 Ra2 75. Kg3 Re2 76. Kf3 Ra2 77. Re1 Rb2 78. Kg3 Ra2 79. Rh1
1/2-1/2

[Event "SR 2. liga A 2016/2017"]
[Site "?"]
[Date "2018.03.18"]
[Round "11.2"]
[White "Musaev, Matej Elbek"]
[Black "Merva, Frantisek"]
[Result "0-1"]
[WhiteElo "1785"]
[BlackElo "2091"]
[PlyCount "110"]
[EventDate "2017.??.??"]
[WhiteTeam "SK Lowe Piestany"]
[BlackTeam "DSC Potonska veza"]

1. e4 e5 2. Nf3 Nc6 3. Bc4 Bc5 4. O-O Nf6 5. Re1 d6 6. c3 O-O 7. h3 Nxe4 8.
Rxe4 d5 9. Re2 dxc4 10. Nxe5 Nxe5 11. Rxe5 Bxf2+ 12. Kh1 Re8 13. Qe2 Rxe5 14.
Qxe5 Be6 15. Qf4 Bb6 16. Na3 Qd3 17. Kh2 Re8 18. Qe5 Qf1 19. d4 cxd3 20. Bh6
Bg1+ 21. Kh1 Bd4+ 22. Rxf1 Bxe5 23. Bd2 Bxa2 24. Re1 f6 25. Nb5 Kf7 26. Nd4 Bd5
27. Kg1 c5 28. Nf5 Bc6 29. Kf2 Bc7 30. Rxe8 Bxe8 31. Ke3 Bd7 32. g4 Bxf5 33.
gxf5 g6 34. Kxd3 gxf5 35. Kc4 Ke6 36. Be3 b6 37. Kd3 Bg3 38. Bg1 f4 39. Ke4 f5+
40. Kf3 Kd5 41. b3 b5 42. b4 cxb4 43. cxb4 Kc4 44. Bxa7 Kxb4 45. Bd4 Kc4 46.
Bg7 Kd3 47. h4 b4 48. Be5 b3 49. Bb2 Kc2 50. Bd4 b2 51. Bxb2 Kxb2 52. h5 Kc3
53. Ke2 Kd4 54. Kf3 Kd3 55. h6 Kd2 0-1

[Event "SR 2. liga A 2016/2017"]
[Site "?"]
[Date "2018.03.18"]
[Round "11.3"]
[White "Sahidi, Samir"]
[Black "Jablonicky, Martin"]
[Result "0-1"]
[WhiteElo "2259"]
[BlackElo "2338"]
[PlyCount "108"]
[EventDate "2017.??.??"]
[WhiteTeam "SK Doprastav Bratislava A"]
[BlackTeam "SK Osuske B"]

1. e4 e5 2. Nf3 Nc6 3. Bc4 Bc5 4. O-O Nf6 5. Re1 O-O 6. d3 h6 7. c3 d6 8. h3 a6
9. d4 Ba7 10. dxe5 Nxe5 11. Bb3 Re8 12. Nd4 Bd7 13. Bc2 c5 14. Ne2 Bc6 15. Ng3
d5 16. Nd2 dxe4 17. Ndxe4 Nxe4 18. Nxe4 c4 19. Be3 Nd3 20. Bxd3 cxd3 21. Bxa7
Rxa7 22. Nd2 Rxe1+ 23. Qxe1 b5 24. Nb3 Qg5 25. Qf1 Re7 26. Rd1 Bf3 27. Ra1 Bd5
28. Rd1 Bc4 29. Nd2 Re2 30. Nf3 Qe7 31. b3 Bd5 32. Nd4 Qe4 33. a3 a5 34. Kh1 b4
35. f3 Qe5 36. axb4 axb4 37. Ra1 Rd2 38. Re1 Qf6 39. Rd1 bxc3 40. Rxd2 cxd2 41.
Qxd3 Qg5 42. Ne2 Be6 43. Nd4 Qa5 44. Kh2 Qe5+ 45. f4 Qe1 46. Nf3 d1=Q 47. Nxe1
Qxe1 48. Qd4 Qa5 49. b4 Qd5 50. Qe3 Bd7 51. Qc3 Bc6 52. Qc2 Qd6 53. Qf5 g6 54.
Qg4 Bd7 0-1

[Event "SR 2. liga A 2016/2017"]
[Site "?"]
[Date "2018.03.18"]
[Round "11.3"]
[White "Polacik, Igor"]
[Black "Spacek, Oliver"]
[Result "1/2-1/2"]
[WhiteElo "2177"]
[BlackElo "2207"]
[PlyCount "24"]
[EventDate "2017.??.??"]
[WhiteTeam "SK Doprastav Bratislava A"]
[BlackTeam "SK Osuske B"]

1. Nf3 g6 2. g3 Bg7 3. Bg2 e5 4. e4 c5 5. d3 d6 6. Nbd2 Ne7 7. c3 Nbc6 8. O-O
O-O 9. a3 h6 10. b4 Be6 11. b5 Na5 12. Bb2 Qd7 1/2-1/2

[Event "SR 2. liga A 2016/2017"]
[Site "?"]
[Date "2018.03.18"]
[Round "11.3"]
[White "Cajka, Tibor"]
[Black "Orosi, Peter"]
[Result "1/2-1/2"]
[WhiteElo "2065"]
[BlackElo "2065"]
[PlyCount "157"]
[EventDate "2017.??.??"]
[WhiteTeam "SK Osuske B"]
[BlackTeam "SK Doprastav Bratislava A"]

1. e4 c5 2. Nf3 g6 3. d4 cxd4 4. Nxd4 Nc6 5. Be3 Nf6 6. Nc3 Bg7 7. Bc4 O-O 8.
Bb3 e6 9. Nxc6 bxc6 10. Bc5 Re8 11. Bd6 Ba6 12. Qf3 c5 13. e5 Nd5 14. Nxd5 exd5
15. Qxd5 c4 16. Ba4 Bxe5 17. Bxe5 Qg5 18. O-O Qxe5 19. Qxe5 Rxe5 20. Bxd7 Rb8
21. Rfb1 Re2 22. b4 Rxc2 23. b5 Bc8 24. Bc6 Bb7 25. Bxb7 Rxb7 26. g3 Rd7 27.
Rc1 Rdd2 28. Rxc2 Rxc2 29. Kg2 c3 30. a4 Rb2 31. Rc1 c2 32. Kf3 Ra2 33. Ke3
Rxa4 34. Rxc2 Rb4 35. Rc5 Kf8 36. h4 h5 37. Kd3 Ke7 38. Kc3 Rb1 39. Kc4 Ra1 40.
Rc7+ Ke6 41. Rc6+ Kd7 42. Rf6 Ke7 43. Rf4 Ra4+ 44. Kd5 Rxf4 45. gxf4 Kd7 46. f5
gxf5 47. Ke5 Kc7 48. Kxf5 Kb6 49. Kf6 Kxb5 50. Kxf7 a5 51. f4 a4 52. f5 a3 53.
f6 a2 54. Kg8 a1=Q 55. f7 Qg1+ 56. Kh8 Qf2 57. Kg7 Qg3+ 58. Kh8 Qxh4 59. f8=Q
Qg4 60. Qe8+ Kc5 61. Qe7+ Kd5 62. Qf7+ Ke4 63. Qc4+ Ke3 64. Qc3+ Kf2 65. Qd2+
Kg3 66. Qe3+ Qf3 67. Qg5+ Kh3 68. Qg7 h4 69. Qd7+ Kg2 70. Qd2+ Qf2 71. Qd5+ Kh2
72. Qd6+ Qg3 73. Qd2+ Kh1 74. Qd1+ Kh2 75. Qd2+ Kh3 76. Qd7+ Qg4 77. Qd3+ Kg2
78. Qd2+ Kf3 79. Qd3+ 1/2-1/2

[Event "SR 2. liga A 2016/2017"]
[Site "?"]
[Date "2018.03.18"]
[Round "11.3"]
[White "Petrik, Karol"]
[Black "Ocko, Martin"]
[Result "1/2-1/2"]
[WhiteElo "2098"]
[BlackElo "2007"]
[PlyCount "85"]
[EventDate "2017.??.??"]
[WhiteTeam "SK Doprastav Bratislava A"]
[BlackTeam "SK Osuske B"]

1. e4 e5 2. Nf3 Nc6 3. d4 exd4 4. Bc4 Be7 5. c3 d5 6. exd5 Na5 7. cxd4 Nxc4 8.
Qa4+ c6 9. Qxc4 Qxd5 10. Qxd5 cxd5 11. Nc3 Nf6 12. O-O O-O 13. Re1 Bb4 14. a3
Ba5 15. b4 Bd8 16. Bf4 Be6 17. Ne5 Bb6 18. Be3 Rac8 19. Na4 Ng4 20. Nc5 Bxc5
21. bxc5 b6 22. cxb6 axb6 23. Bd2 Nxe5 24. dxe5 Bf5 25. Rad1 Bc2 26. Rc1 Bf5
27. f3 Rxc1 28. Rxc1 Rc8 29. Rxc8+ Bxc8 30. Bb4 f6 31. exf6 gxf6 32. Be7 Kf7
33. Bd8 b5 34. Kf2 Bf5 35. Ke3 Bc2 36. Kd4 Ke6 37. g4 Bd1 38. Ke3 f5 39. h3 d4+
40. Kf4 fxg4 41. hxg4 Kd5 42. Ba5 Be2 43. g5 1/2-1/2

[Event "SR 2. liga A 2016/2017"]
[Site "?"]
[Date "2018.03.18"]
[Round "11.3"]
[White "Jarabek, Milan"]
[Black "Krajnak, Robert"]
[Result "0-1"]
[WhiteElo "1724"]
[BlackElo "1996"]
[PlyCount "56"]
[EventDate "2017.??.??"]
[WhiteTeam "SK Osuske B"]
[BlackTeam "SK Doprastav Bratislava A"]

1. e4 c5 2. Nf3 e6 3. d4 cxd4 4. Nxd4 Nc6 5. Nb5 d6 6. c4 Nf6 7. N1c3 a6 8. Na3
Be7 9. Be3 Qc7 10. Be2 Ne5 11. O-O b6 12. Qb3 Ned7 13. f4 O-O 14. Bf3 Rb8 15.
Rad1 Re8 16. Kh1 Bb7 17. Qc2 Rbc8 18. Qb3 Nc5 19. Qc2 Qb8 20. Bxc5 Rxc5 21.
Rfe1 Ba8 22. Qf2 Nd7 23. Re3 Rc7 24. Be2 Bc6 25. e5 dxe5 26. fxe5 Bc5 27. Rf1
Bxe3 28. Qxe3 Rcc8 0-1

[Event "SR 2. liga A 2016/2017"]
[Site "?"]
[Date "2018.03.18"]
[Round "11.3"]
[White "Jelenciak, Jozef"]
[Black "Valigursky, Michal"]
[Result "1-0"]
[WhiteElo "1877"]
[BlackElo "1712"]
[PlyCount "73"]
[EventDate "2017.??.??"]
[WhiteTeam "SK Doprastav Bratislava A"]
[BlackTeam "SK Osuske B"]

1. e4 e5 2. Nf3 Nc6 3. Bb5 a6 4. Bxc6 dxc6 5. O-O Bg4 6. h3 Bh5 7. Re1 Bc5 8.
d3 Qd6 9. Nbd2 f6 10. Nc4 Qd7 11. Be3 Bxe3 12. Rxe3 g5 13. Qe1 Ne7 14. Qb4
O-O-O 15. d4 exd4 16. Rb3 b5 17. a4 c5 18. Qa5 Qe6 19. axb5 Qxc4 20. Qxa6+ Kd7
21. Qxf6 Bxf3 22. Rxf3 Qxc2 23. b6 Rdf8 24. Qe5 Rxf3 25. Qxc7+ Ke6 26. gxf3 d3
27. e5 Rc8 28. Qd6+ Kf7 29. Ra7 Re8 30. Qf6+ Kg8 31. e6 Qc1+ 32. Kg2 Qf4 33.
Rxe7 Rxe7 34. Qxe7 d2 35. Qd8+ Kg7 36. e7 Qf7 37. b7 1-0

[Event "SR 2. liga A 2016/2017"]
[Site "?"]
[Date "2018.03.18"]
[Round "11.3"]
[White "Vozarova, Adriana"]
[Black "Machalec, Vladimir"]
[Result "1-0"]
[WhiteElo "1554"]
[BlackElo "1943"]
[PlyCount "61"]
[EventDate "2017.??.??"]
[WhiteTeam "SK Osuske B"]
[BlackTeam "SK Doprastav Bratislava A"]

1. e4 c5 2. Nf3 Nc6 3. d4 cxd4 4. Nxd4 g6 5. Nc3 Bg7 6. Be3 Nf6 7. Bc4 O-O 8.
f3 Na5 9. Bb3 a6 10. Qd2 b5 11. O-O-O Nc4 12. Bxc4 bxc4 13. e5 Ne8 14. Nc6 Qc7
15. Nd5 Qb7 16. Ncxe7+ Kh8 17. Nb6 Bxe5 18. Nexc8 Rxc8 19. Bd4 d6 20. Bxe5+
dxe5 21. Nxc8 Qxc8 22. Rhe1 f6 23. Qd7 Qc5 24. Re4 Ng7 25. Qd5 Qf2 26. Qd2 Qc5
27. Qe3 Qa5 28. Rxc4 Nf5 29. Qb3 Nd4 30. Qb4 Rd8 31. Rcxd4 1-0